000 00420nam a2200157 4500
001 112166
003 ES-MaACL
005 20230906185446.0
007 t|
008 061121s1984 sp r ||||1| spa d
100 1 _aMuñoz, Luis.
_984327
245 1 0 _aUno /
_cLuis Muñoz.
260 _aVélez-Málaga :
_bArte y Cultura,
_c1984.
300 _a16 p. 1 h. de lám. ;
_c21 cm.
852 _aES-MaACL
_j2143-F-4
_bR.114548
999 _c112166
_d112166